00737nam a22002057a 4500010001500000020002600015035001300041037001300054082001200067100001800079245006700097260003000164270006900194300003100263500005000294700001900344942002600363999001700389952012500406 aENG-114998 a9788120352056c695.00 aEN-98530 bDBAD/PUB a005.446 aLambert, Joan aWindows 10 step by step /cby Joan Lambert [and] Steve Lambert aDelhibPHI Learningc2016 aRimjhim House, 111, Patparganj Industrial Estate,bDelhie110092 axv,607p.:bill.c24cm(pbk) aIncludes bibliographical references and index aLambert, Steve 2ddccENmLAMh005.446 c99298d99298 001040718NFICaDBADbDBADd2016-02-24eDBAD/PUBg695.00l0o005.446 LAMpEN-98530r2016-02-24 00:00:00t1v695.00yEN